Strategies For The Future (Record no. 332204)

MARC details
000 -LEADER
fixed length control field 00490nam a2200169Ia 4500
008 - FIXED-LENGTH DATA ELEMENTS--GENERAL INFORMATION
fixed length control field 230718s9999 xx 000 0 und d
020 ## - INTERNATIONAL STANDARD BOOK NUMBER
International Standard Book Number 9788184000191
041 ## - LANGUAGE CODE
Language code of text/sound track or separate title eng
082 ## - DEWEY DECIMAL CLASSIFICATION NUMBER
Classification number 321.04
Item number MAT
100 ## - MAIN ENTRY--PERSONAL NAME
Personal name Mathur A.N.
9 (RLIN) 194481
245 ## - TITLE STATEMENT
Title Strategies For The Future
Remainder of title Understanding International Business
260 ## - PUBLICATION, DISTRIBUTION, ETC. (IMPRINT)
Date of publication, distribution, etc. 2012
Name of publisher, distributor, etc. Random House
300 ## - PHYSICAL DESCRIPTION
Extent 310
365 ## - TRADE PRICE
Currency code Rs.
Price amount 299.00
700 ## - ADDED ENTRY--PERSONAL NAME
Personal name Mathur A.N.
9 (RLIN) 194481
906 ## - LOCAL DATA ELEMENT F, LDF (RLIN)
d O:0333215-Mar-2013B:284208-Mar-2013
c GENRL
b 65.78
Holdings
Withdrawn status Lost status Damaged status Not for loan Home library Current library Date acquired Vendor Budget Code Cost, normal purchase price Bill number Total Checkouts Full call number Barcode Date last seen Discount Cost, replacement price Bill Date Koha item type Original Barcode
        Cummins College of Engineering for Women Pune Cummins College of Engineering for Women Pune 15/03/2013 Technical Book Services GENRL 233.22 2842   321.04 CCEP-BK-43411 18/07/2023 65.78 299.00 08/03/2013 Books 043411